000 00546nam a2200193Ia 4500
003 GCL
008 140319s9999 xx 000 0 ara d
040 _aGCL /
_cGCL
082 0 4 _a219.1
_bام
100 1 _aاحمد زكى تفاحة
245 1 0 _aالمرأة والاسلام /
_cاحمد زكى تفاحة
260 _a[S.N] :
_bدار الكتاب اللبنانى ،
_c1979
300 _a187 ص
490 _a
650 0 4 _aالاسلام
650 0 4 _aالمرأة
650 0 4 _aالمرأة فى الاسلام
942 _2ddc
_cBK
999 _c29414
_d29414